Accountancy journal of the Institute of chartered accountants in England and Wales
Enregistré dans:
| Format: | Publication en série |
|---|---|
| Langue: | anglais |
| Publié: |
London
Institute of Chartered Accountants in England and Wales
1976
|
| Tags: |
Pas de tags, Soyez le premier à ajouter un tag!
|
MARC
| LEADER | 00000nas2a2200000 4500 | ||
|---|---|---|---|
| 001 | 0004712 | ||
| 005 | 20250730114228.1 | ||
| 041 | 0 | |a eng | |
| 044 | |a GB | ||
| 245 | 1 | 0 | |a Accountancy |b journal of the Institute of chartered accountants in England and Wales |
| 264 | 1 | |a London |b Institute of Chartered Accountants in England and Wales |c 1976 | |
| 300 | |a 1 zv. | ||
| 773 | 0 | |w eu_un_cat*s120301 | |